Civiltà italica : testo di storia per gli istituti tecnici. Corso Inferiore. Parte I. Le civiltà dell'oriente antico, la civiltà Romana, il cristianesimo : con letture storiche, carte geografiche e illustrazioni

Saved in:
Bibliographic Details
Main Author: Bornate, Carlo
Format: Book
Language:Italian
Published: Roma Albrighi, Segati e C. 1934
Textbook Catalogue:EDISCO:  Library Catalog Search Result
Textbook Classification:
Tags: Add Tag
No Tags, Be the first to tag this record!
Added to:2016-04-30
Changed in:2017-10-18

MARC

LEADER 00000aam a22000007 4500
001 09445
003 OSt
005 20171018101538.0
008 160501s1934 it 000 0 ita
040 |c Elena Facco - Padova - CUBI 
041 1 |a ita 
100 1 |a Bornate, Carlo 
245 0 0 |a Civiltà italica : testo di storia per gli istituti tecnici. Corso Inferiore. Parte I. Le civiltà dell'oriente antico, la civiltà Romana, il cristianesimo : con letture storiche, carte geografiche e illustrazioni 
260 |a Roma  |b Albrighi, Segati e C.  |c 1934 
300 |a 234 p., [4, 1/x ;   |c in 8° 
510 3 |a L. 9 
901 |a 7 
942 |2 ddc  |c BK 
546 |a ita 
999 |c 9434  |d 9434 
999 |c edisco:9434  |d 9434